000 01281nab a22002657a 4500
999 _c5661
_d5661
003 OSt
005 20251226130230.0
008 190429b xxu||||| |||| 00| 0 spa d
040 _cPJ
100 _95950
_aBekevicius, Ailin
245 1 3 _aInfancia vulnerada y justicia diferida: sobre la prescripción en delitos sexuales y el fallo "Ilarraz" /
_cAilin Bekevicius.
260 _cCiudad Autónoma de Buenos Aires :
_aThomson Reuters La Ley,
_b2025.
300 _ap. 24-31
500 _aCita: TR LALEY AR/DOC/2201/2025.
505 _aSumario: I. Introducción.— II. Antecedentes.— III. Sentencia de la CS.— IV. El instituto de la prescripción.— V. La prescripción y el abuso sexual infantil.— VI. Reflexiones finales.
505 _tSi te interesa el texto completo, solicitalo a koha@justierradelfuego.gov.ar
650 0 _9343
_aDERECHO PENAL
650 0 _9614
_aDERECHOS HUMANOS
650 0 _92902
_aDELITOS CONTRA LA INTEGRIDAD SEXUAL
650 0 _92903
_aABUSO SEXUAL
650 0 _96334
_aCRÍMENES DE LESA HUMANIDAD
650 0 _93902
_aPRESCRIPCIÓN DE LA ACCIÓN PENAL
773 0 _02658
_93164
_tRevista de derecho penal y criminología. Nº 9 - Octubre 2025
_dCiudad Autónoma de Buenos Aires : Thomson Reuters La Ley, 2017-
_x00347914
942 _2udc
_cANA